LIBRARY & INFORMATION CENTRE, KCAET, TAVANUR

ONLINE PUBLIC ACCESS CATALOGUE (OPAC)

നേരും നുണയും (Record no. 416)

MARC details
000 -LEADER
fixed length control field 00402cam a2200133ua 4500
082 ## - DEWEY DECIMAL CLASSIFICATION NUMBER
Classification number 894.8127
Item number BAS/NE
100 ## - MAIN ENTRY--AUTHOR NAME
Personal name ബഷീർ, വൈക്കം മുഹമ്മദ്‌
245 ## - TITLE STATEMENT
Title നേരും നുണയും
260 ## - PUBLICATION, DISTRIBUTION, ETC. (IMPRINT)
Place of publication Kottayam :
Name of publisher National Book Stall ,
Year of publication 1965.
300 ## - PHYSICAL DESCRIPTION
Number of Pages 218 ; .
650 ## - SUBJECT ADDED ENTRY--TOPICAL TERM
Topical Term Nerum nunayum /
700 ## - ADDED ENTRY--PERSONAL NAME
Personal name Basheer, Vaikam Muhammed
942 ## - ADDED ENTRY ELEMENTS (KOHA)
Koha item type Books
Holdings
Withdrawn status Lost status Damaged status Home library Current library Date acquired Full call number Accession Number Koha item type
      KAUAET KAUAET 07/04/2012 894.8127 12767 Books
free website counter